000 00652nam a2200205Ia 4500
003 GCL
008 140319s9999 xx 000 0 ara d
040 _aGCL /
_cGCL
082 0 4 _a813.0873
_bج ف
100 1 _aجرجى زيدان
245 1 0 _aفتاة غسان /
_cجرجى زيدان
260 _aبيروت :
_bدار الجيل ،
_c1983
300 _aمتعدد الترقيم ؛
_c17 سم
490 _aروايات تاريخ الاسلام
_v0
650 0 4 _aالادب العربى
650 0 4 _aالقصص التاريخية
650 0 4 _aالتاريخ الاسلامى
650 0 4 _aالادب التاريخى
942 _2ddc
_cBK
999 _c31233
_d31233